| 000 | 00698nam a2200217 u 4500 | ||
|---|---|---|---|
| 005 | 20240228064055.0 | ||
| 008 | 121017s2007 es r 000 0 spa d | ||
| 020 | _a9788467519273 | ||
| 035 | _aUPN01000187667 | ||
| 049 | _aI | ||
| 050 | 4 |
_aPZ7 _bD6.2 |
|
| 100 | 1 |
_aDonaldson, Julia Catherine, _d1948- _935586 |
|
| 245 | 1 | 4 |
_aLas aventuras de un pez fantasioso / _cJulia Donaldson ; tr. de Teresa Tellechea ; il. de Axel Scheffler. |
| 260 |
_aMadrid : _bSM, _cc2007. |
||
| 300 |
_a30 p. : _bil. |
||
| 534 |
_pTítulo original: _tTiddler |
||
| 650 | 0 |
_aLiteratura infantil inglesa _911046 |
|
| 650 | 4 |
_aLibros y lectura para niños _92290 |
|
| 700 | 1 |
_aScheffler, Axel, _eil. |
|
| 905 | _aInfantil | ||
| 999 |
_c159770 _d159770 |
||